000 00831nam a2200301Ia 4500
001 22975
003 IT-RoPAU
008 130308s9999 xx 000 0 und d
040 _aIT-RoPAU
040 _cIT-RoPAU
041 _aINGLESE
100 _aHall Stuart
100 _gCodice Aut. SPICS: 10961
245 _aEncoding/Decoding
245 _bCulture, Media, Language-Working Papers in Cultural Studies, 1972-79
250 _a2a ed.
260 _aLONDON
260 _bHutchinson & C.
260 _c1981 [1° Ed.:1980 - Ed.Ling.Originale:1980]
300 _a"11 p. (prefazione: no ; testo: 11 [pagine: 128-138])"
500 _aCodificazione e Decodificazione
650 _aSAGGI DI COMUNICAZIONE SOCIALE
650 _eCodice materia Spics: 3807
942 _cBK
957 _71
999 _c44914
_d44914
999 _bSI
999 _g1